Синтез и свойства реагентов на основе поливалентного иода, соответствующих концепции "зеленая" химия: автореферат диссертации на соискание ученой степени кандидата химических наук; спец. 02.00.03

Bibliografiset tiedot
Päätekijä: Функ Т. В. Татьяна Валерьевна
Yhteisötekijät: Томский политехнический университет (ТПУ), Сибирский государственный медицинский университет (СибГМУ)
Muut tekijät: Юсубов М. С. Мехман Сулейман-оглы (Сулейманович) (научный руководитель)
Yhteenveto:Защита 24.06.2009 г.
Kieli:venäjä
Julkaistu: Томск, [Б. и.], 2009
Aiheet:
Aineistotyyppi: Kirja
KOHA link:https://koha.lib.tpu.ru/cgi-bin/koha/opac-detail.pl?biblionumber=164895

MARC

LEADER 00000nam0a2200000 4500
001 164895
005 20231101222520.0
035 |a (RuTPU)RU\TPU\book\178891 
035 |a RU\TPU\book\178890 
090 |a 164895 
100 |a 20090911d2009 k y0rusy50 ca 
101 0 |a rus 
102 |a RU 
105 |a a dm 001zy 
200 1 |a Синтез и свойства реагентов на основе поливалентного иода, соответствующих концепции "зеленая" химия  |e автореферат диссертации на соискание ученой степени кандидата химических наук  |e спец. 02.00.03  |f Т. В. Функ  |g Томский политехнический университет (ТПУ) ; Сибирский государственный медицинский университет (СибГМУ) ; науч. рук. М. С. Юсубов 
210 |a Томск  |c [Б. и.]  |d 2009 
215 |a 21 с.  |c ил. 
300 |a Защита 24.06.2009 г. 
320 |a Библиогр.: с. 21 (5 назв.). 
452 1 |0 (RuTPU)RU\TPU\book\185880  |t Синтез и свойства реагентов на основе поливалентного иода, соответствующих концепции "зеленая" химия  |o автореферат диссертации на соискание ученой степени кандидата химических наук  |o спец. 02.00.03  |f Т. В. Функ  |g Томский политехнический университет (ТПУ) ; Сибирский государственный медицинский университет (СибГМУ) ; науч. рук. М. С. Юсубов  |c Томск  |d 2009  |a Функ, Татьяна Валерьевна 
606 1 |a Химические реактивы, органические  |2 stltpush  |3 (RuTPU)RU\TPU\subj\73372  |9 86404 
610 1 |a поливалентный йод 
610 1 |a возобновляемые реагенты 
610 1 |a многократное использование 
610 1 |a авторефераты диссертаций 
675 |a 543-412.2(04)  |v 3 
686 |a 02.00.03  |2 oksvnk 
700 1 |a Функ  |b Т. В.  |g Татьяна Валерьевна 
702 1 |a Юсубов  |b М. С.  |c химик  |c профессор Томского политехнического университета, доктор химических наук  |f 1961-  |g Мехман Сулейман-оглы (Сулейманович)  |2 stltpush  |3 (RuTPU)RU\TPU\pers\28058  |4 727 
712 0 2 |a Томский политехнический университет (ТПУ)  |c (1991- )  |2 stltpush  |3 (RuTPU)RU\TPU\col\376 
712 0 2 |a Сибирский государственный медицинский университет (СибГМУ)  |c (Томск)  |c (1992- )  |2 stltpush  |3 (RuTPU)RU\TPU\col\1642 
801 1 |a RU  |b 63413507  |c 20090911 
801 2 |a RU  |b 63413507  |c 20190430  |g RCR 
942 |c BK